[Event "1st Gujarat GM Open 2018"]
[Site "Ahmedabad"]
[Date "2018.10.09"]
[Round "6"]
[White "Amonatov, Farrukh"]
[Black "Sidhant, Mohapatra"]
[Result "1-0"]
[WhiteElo "2615"]
[BlackElo "2341"]
[Annotator "TA"]
[PlyCount "77"]
[EventDate "2018.10.05"]
[EventType "swiss"]
[EventCountry "IND"]
[SourceTitle "playchess.com"]
[Source "ChessBase"]
[SourceQuality "1"]

{[%evp 38,77,4,0,0,0,13,15,22,17,2,16,6,2,14,31,44,40,87,72,71,-741,10,4,1186,578,1235,469,1528,718,29996,268,1137,258,1459,124,1363,83,1710,799,891,358]} 1. e4 e5 2. Nf3 Nc6 3. Bb5 {[%cal Bf1b5,Bb5a4,Ba4b3][%mdl 32]} a6 4. Ba4 Nf6 5. O-O Be7 6. Re1 b5 7. Bb3 d6 8. c3 O-O 9. h3 Nb8 {[%cal Bc6b8,Bb8d7,Bd7b6][%mdl 32]} 10. d4 Nbd7 11. Nbd2 Bb7 12. Bc2 Re8 13. Nf1 Bf8 14. Ng3 g6 15. a4 Nb6 16. b3 bxa4 {C95: Closed Ruy Lopez: Breyer Variation with 10 d4} 17. bxa4 a5 18. Bd3 Qc8 (18... Bg7 19. Rb1 Bc6 20. Bb5 Qd7 21. d5 Bxb5 22. axb5 Qe7 23. Qc2 Nfd7 24. c4 {½-½ (24) Sadzikowski,D (2584)-Ivanisevic,I (2573) Neustadt an der Weinstrasse 2018}) 19. Bg5 Bg7 20. Qc1 {LiveBook: 3 Games} Ba6 21. Bc2 Nc4 $146 ({Predecessor:} 21... Nfd7 22. Bh6 Qd8 23. Nh2 Bxh6 24. Qxh6 {0-1 (34) Pijpers,A (2448)-Vrolijk,L (2427) Wijk aan Zee 2018}) 22. Bh6 Bh8 23. Nd2 Nd7 24. Nxc4 Bxc4 25. Qd2 Rb8 26. Rab1 Bf6 27. Nf1 exd4 28. cxd4 c5 29. Rb2 $2 {[%mdl 8192]} (29. Rxb8 $16 Nxb8 30. dxc5) 29... Rb4 $2 ({Black should play} 29... Rxb2 $19 30. e5 cxd4 31. exf6 Rxe1 32. Qxe1 Rxc2 33. Qxa5 Nxf6) 30. Rxb4 $11 Nb8 $2 {[%mdl 8192]} (30... axb4 $11 31. Ne3 cxd4 32. Nxc4 Qxc4) 31. e5 dxe5 32. dxe5 (32. Rxc4 $142 Nc6 33. Rxc5) 32... Rxe5 (32... cxb4 $142 33. exf6 Rxe1 34. Qxe1 Be6) 33. Qf4 Qe6 34. Ne3 $2 (34. Rxb8+ {mates} Bd8 35. Rxd8+ Qe8 36. Rxe8+ Rxe8 37. Rxe8#) 34... Nc6 $2 ({Worse is} 34... cxb4 35. Rc1 $14) (34... axb4 35. Rd1 Be2) 35. Reb1 $2 (35. Rxc4 Rh5 36. Be4) 35... Rxe3 $2 {[#]} (35... cxb4 36. Nxc4 Rc5) 36. Qxe3 $2 (36. Rb8+ $1 $18 {[%mdl 512]} Nd8 (36... Nxb8 37. Qxf6) 37. fxe3) 36... Qxe3 $4 {[%mdl 8192] [#]} (36... cxb4 $16 37. Bb3 Bxb3 38. Rxb3 Bd4 39. Qxe6 fxe6) 37. Bxe3 $2 (37. Rb8+ $1 $18 {[%mdl 512] is the precise move to win.} Bd8 (37... Nxb8 38. Rxb8+) 38. fxe3) 37... Bd4 $2 {[%mdl 8192]} (37... cxb4 $16 38. Bb3 Bxb3 39. Rxb3 Bc3) 38. Bb3 Bd3 39. Rc1 {Precision: White = 20%, Black = 29%.} (39. Rb6 $142 Bxb1 40. Rxc6) 1-0

[Event "1st Gujarat GM Open 2018"]
[Site "Ahmedabad"]
[Date "2018.10.09"]
[Round "6"]
[White "Malakhatko, Vadim"]
[Black "Harsha Bharathakoti"]
[Result "0-1"]
[WhiteElo "2552"]
[BlackElo "2492"]
[Annotator "TA"]
[PlyCount "122"]
[EventDate "2018.10.05"]
[EventType "swiss"]
[EventCountry "IND"]
[SourceTitle "playchess.com"]
[Source "ChessBase"]
[SourceQuality "1"]

{[%evp 13,122,20,37,20,55,55,77,57,63,44,46,56,50,47,43,54,60,35,31,16,46,0,0,-8,25,28,50,26,49,0,0,-12,0,0,0,27,43,31,78,91,81,52,39,43,38,49,43,36,33,0,0,0,0,0,0,0,14,0,0,0,0,-88,-81,-367,-362,-351,-229,-359,-370,-362,-235,-239,-233,-227,-233,-227,-234,-29986,-623,-692,-680,-692,-674,-680,-676,-772,-764,-738,-706,-772,-772,-834,-772,-787,-772,-772,-738,-770,-777,-1199,-1180,-1324,-1326,-1161,-1158,-1245,-1076,-1701,-1005,-920,-917]} 1. c4 f5 2. g3 Nf6 3. Bg2 g6 4. b4 Bg7 5. Bb2 O-O 6. Nf3 d6 7. d4 c6 {LiveBook: 93 Games. A87: Dutch Defence: Leningrad System: 5 Nf3} 8. Qb3 Na6 9. O-O h6 $146 {White is slightly better.} ({Predecessor:} 9... Nc7 10. Nc3 Kh8 11. d5 e5 12. dxe6 Bxe6 13. b5 cxb5 14. Nxb5 Nxb5 15. Qxb5 a6 {0-1 (58) Van Wely,L (2646)-Bareev,E (2709) Frankfurt 2000}) 10. Nc3 Be6 11. b5 cxb5 12. Nxb5 Ne4 13. Rfc1 Qd7 14. Rab1 Rfc8 15. Ba1 Bf7 16. Qd3 Nc7 {White should prevent ...Nxb5.} 17. Na3 (17. Nc3 $14) 17... Rab8 $11 18. Nd2 Nxd2 19. Qxd2 b6 20. e4 fxe4 21. Bxe4 d5 22. cxd5 Nxd5 23. Nc4 Nf6 24. Bd3 Nh7 {With the idea ...Ng5.} 25. h4 Rd8 26. Re1 Bd5 27. Ne5 Qh3 {[%csl Gd5][%cal Rh3h1]} 28. Be4 Bxe4 29. Rxe4 Nf6 30. Re2 {Hoping for Qd3.} Qf5 31. Rbe1 {Black must now prevent Nc6.} Rbc8 $1 32. Qb4 Nd5 33. Qb3 Kh7 34. Bb2 Rc7 35. Nc4 Bf6 36. Ne3 Qf3 37. Qd3 {[#]} (37. Qa3 $11 {remains equal.}) 37... Bxh4 $1 $17 {[%mdl 512]} 38. Nxd5 $4 {[%mdl 8192]} (38. gxh4 $17 {is a better defense.} Nf4 39. Qd1 (39. Qd2 e5 $19) 39... Nh3+ 40. Kh2 Nxf2 41. Qb3 Qh3+ 42. Kg1) 38... Qxd3 $19 39. Nxc7 Bf6 40. Ne6 (40. d5 $142 Bxb2 41. Rxb2) 40... Rc8 41. Nf4 Qf5 {Threatens to win with ...g5.} 42. d5 {aiming for Bxf6.} Bxb2 43. Rxb2 g5 44. Rxe7+ Kg8 45. Nh5 $2 (45. Ng2 $19) 45... Qf3 (45... Rc1+ $142 46. Kg2 Qxd5+ 47. f3 Qd1 48. Nf6+ Kf8 49. Kh3 Kxe7 50. Ng8+ Kf8 51. Rd2 Qxd2 52. Nxh6 Qd4 53. Ng4 Rh1+ 54. Nh2 {[#]} g4+ $1 {[%mdl 512]} 55. fxg4 Qd2 56. g5 Qe2 57. Kh4 Rxh2#) 46. Re1 {Black is clearly winning.} Qxh5 47. d6 Rd8 48. Rd2 Rd7 49. Re6 Kf7 50. Re3 Qg6 51. Red3 Ke8 52. Rd5 Kd8 53. R5d4 Kc8 54. R4d3 Kb7 55. Rd1 h5 {[%cal Bh6h5,Bh5h4,Bh4h3][%mdl 32]} 56. Rd4 Qf5 57. Rd5 Qf6 58. R5d3 h4 59. Kg2 Qe6 60. R1d2 h3+ 61. Kh2 g4 {Precision: White = 31%, Black = 57%.} 0-1

[Event "1st Gujarat GM Open 2018"]
[Site "Ahmedabad"]
[Date "2018.10.09"]
[Round "6"]
[White "Ter-Sahakyan, Samvel"]
[Black "Kravtsiv, Martyn"]
[Result "0-1"]
[WhiteElo "2547"]
[BlackElo "2654"]
[Annotator "TA"]
[PlyCount "110"]
[EventDate "2018.10.05"]
[EventType "swiss"]
[EventCountry "IND"]
[SourceTitle "playchess.com"]
[Source "ChessBase"]
[SourceQuality "1"]

{[%evp 18,110,14,7,33,0,0,0,0,0,0,0,13,13,3,0,0,0,14,0,0,0,19,8,44,0,45,0,0,-22,0,0,14,0,18,0,25,0,0,0,0,-31,-39,-57,-64,-64,-68,-68,-56,-62,-62,-95,-91,-97,-104,-121,-121,-129,-122,-118,-117,-108,-110,-176,-177,-216,-166,-256,-162,-170,-120,-120,-120,-120,-120,-127,-131,-235,-239,-333,-333,-275,-308,-391,-368,-360,-350,-732,-725,-1326,-94,-1385,-2010,-29996,-29997]} 1. d4 Nf6 2. c4 e6 3. Nf3 b6 4. g3 Ba6 5. b3 d5 6. Bg2 Bb4+ 7. Bd2 Be7 8. cxd5 exd5 9. O-O O-O 10. Nc3 Nbd7 {[%cal Bb8d7,Bd7f6,Bf6e4][%mdl 32] E15: Queen's Indian: 4 g3 sidelines, 4 g3 Ba6 and 4 g3 Bb7 early deviations} 11. Bc1 Bb4 12. Bb2 Re8 {The position is equal.} 13. Re1 Ne4 14. Rc1 Bb7 15. e3 Ndf6 16. Re2 $146 ({Predecessor:} 16. Ne5 Nxc3 17. Bxc3 Ba3 18. Rc2 {½-½ (51) Houska,J (2393)-Sargissian,G (2652) Douglas 2017}) 16... Nxc3 17. Bxc3 Bd6 18. b4 Ne4 19. Qb3 Qd7 20. Rec2 Bc6 21. Rb2 Qe6 22. a4 Bd7 23. Qa2 (23. Ne5 $5) 23... h6 24. Be1 Rac8 25. Rbc2 Qf5 26. b5 Qh5 27. Nd2 Nf6 28. Qb3 Ra8 29. Nf3 Bg4 $36 {[%mdl 2048] Black has some pressure.} 30. Ne5 {Black must now prevent f3.} Bd1 31. Nc6 a6 32. bxa6 $1 Bxc2 33. Qxc2 Rxa6 34. Bf1 Raa8 35. Be2 Qh3 36. Bf1 Qe6 37. Bb5 Ne4 38. Qe2 Ng5 {Hoping for ...Qe4.} 39. h4 Ne4 40. Qf3 (40. Kg2 $17) 40... Rf8 41. Rc2 Kh8 42. Kg2 (42. Qh5 {was called for.}) 42... f5 43. Bb4 Bxb4 44. Nxb4 {[#]} c5 $1 {[%cal Rc5b4]} 45. dxc5 bxc5 46. Nd3 Qd6 47. Nf4 {[#]} (47. Qf4 $17) 47... g5 $1 $19 {[%cal Rg5f4]} 48. hxg5 hxg5 {[%cal Bh6g5,Bg5f4][%mdl 32]} 49. Qh5+ Kg7 50. Rxc5 {Strongly threatening Rc7+!} gxf4 ({Worse is} 50... Nxc5 51. Qxg5+ Kh7 52. Qh4+ Kg7 53. Qg5+ Kh7 54. Qh4+ Kg7 55. Qg5+ $11) 51. Rc6 {[#]} f3+ $1 52. Kg1 $2 (52. Kxf3 Rh8 53. Rxd6 Rxh5 54. Rxd5) 52... Rh8 53. Qxf5 {[#]} Rh1+ $1 {[%mdl 512]} 54. Kxh1 {[#]} Nxg3+ $1 {[%mdl 512]} 55. fxg3 Rh8+ {Precision: White = 53%, Black = 66%.} 0-1

[Event "1st Gujarat GM Open 2018"]
[Site "Ahmedabad"]
[Date "2018.10.09"]
[Round "6"]
[White "Karthik Venkataraman"]
[Black "Bharath Subramaniyam H"]
[Result "1-0"]
[WhiteElo "2525"]
[BlackElo "2276"]
[Annotator "RC"]
[PlyCount "149"]
[EventDate "2018.10.05"]
[EventType "swiss"]
[EventCountry "IND"]
[SourceTitle "playchess.com"]
[Source "ChessBase"]
[SourceQuality "1"]
[TimeControl "5400+30"]

1. b3 {[%emt 0:04:01]} e5 {[%emt 0:00:00]} 2. Bb2 {[%emt 0:00:05]} Nc6 {[%emt 0:00:22]} 3. e3 {[%emt 0:00:04]} Nf6 {[%emt 0:00:12]} 4. Nf3 {[%emt 0:00:04]} e4 {[%emt 0:00:47]} 5. Nd4 {[%emt 0:00:03]} Bc5 {[%emt 0:00:58]} 6. Nxc6 {[%emt 0:00:46]} dxc6 {[%emt 0:01:40]} 7. Be2 {[%emt 0:00:07]} O-O {[%emt 0:02:03]} 8. d4 {[%emt 0:01:42]} Bd6 {[%emt 0:10:15]} 9. c4 {[%emt 0:01:17]} c5 {[%emt 0:02:31]} 10. d5 {[%emt 0:03:07]} Qe7 {[%emt 0:02:32]} 11. Nc3 {[%emt 0:00:11]} Bf5 {[%emt 0:02:15]} 12. Qc2 {[%emt 0:02:10]} Rfe8 {[%emt 0:02:11]} 13. h3 {[%emt 0:01:26]} Nd7 {[%emt 0:03:13]} 14. g4 {[%emt 0:00:39]} Bg6 {[%emt 0:00:12]} 15. h4 {[%emt 0:00:05]} h6 {[%emt 0:00:39]} 16. O-O-O {[%emt 0:04:35]} Ne5 {[%emt 0:02:55]} 17. h5 {[%emt 0:14:47]} Nd3+ {[%emt 0:01:57]} 18. Bxd3 {[%emt 0:00:17]} exd3 {[%emt 0:00:08]} 19. Qd2 {[%emt 0:00:03]} Bh7 {[%emt 0:00:15]} 20. g5 {[%emt 0:00:22]} hxg5 {[%emt 0:13:26]} 21. h6 {[%emt 0:00:07]} Be5 {[%emt 0:01:47]} 22. hxg7 {[%emt 0:00:12]} Qf6 {[%emt 0:00:23]} 23. Rdg1 {[%emt 0:10:14]} Bg6 {[%emt 0:01:52]} 24. Rg3 {[%emt 0:20:08]} Kxg7 {[%emt 0:06:42]} 25. Rhg1 {[%emt 0:00:30]} Bxg3 {[%emt 0:38:38]} 26. Ne4 {[%emt 0:02:26]} Qxb2+ {[%emt 0:00:56]} 27. Kxb2 {[%emt 0:01:28]} Be5+ {[%emt 0:00:07]} 28. Nc3 {[%emt 0:00:04]} Bf6 {[%emt 0:00:07]} 29. Kc1 {[%emt 0:00:41]} Rh8 {[%emt 0:01:59]} 30. Nb5 {[%emt 0:00:51]} c6 {[%emt 0:01:22]} 31. dxc6 {[%emt 0:03:13]} bxc6 {[%emt 0:00:01]} 32. Nc7 {[%emt 0:01:14]} Rad8 {[%emt 0:00:06]} 33. Na6 {[%emt 0:01:48]} Rh2 {[%emt 0:01:28]} 34. Nxc5 {[%emt 0:00:21]} Be7 {[%emt 0:00:12]} 35. b4 {[%emt 0:01:57]} a5 {[%emt 0:02:35]} 36. a3 {[%emt 0:04:36]} axb4 {[%emt 0:00:02]} 37. axb4 {[%emt 0:00:04]} Ra8 {[%emt 0:00:29]} 38. Kb2 {[%emt 0:00:16]} Bf6+ {[%emt 0:01:09]} 39. Kb3 {[%emt 0:00:02]} Rh4 {[%emt 0:00:28]} 40. e4 {[%emt 0:00:27]} Rd8 {[%emt 0:00:29]} 41. f3 {[%emt 0:08:38]} Rh3 {[%emt 0:00:30]} 42. Rf1 {[%emt 0:00:04]} Rg3 {[%emt 0:00:26]} 43. Qf2 {[%emt 0:01:48]} Be5 {[%emt 0:00:08]} 44. Qd2 {[%emt 0:03:55]} Bf6 {[%emt 0:00:56]} 45. b5 {[%emt 0:03:06]} cxb5 {[%emt 0:00:25]} 46. cxb5 {[%emt 0:00:04]} Be7 {[%emt 0:00:34]} 47. Qc3+ {[%emt 0:00:25]} Kg8 {[%emt 0:00:26]} 48. Nb7 {[%emt 0:00:37]} Ra8 {[%emt 0:00:23]} 49. Qe5 {[%emt 0:01:19]} Ra3+ {[%emt 0:00:30]} 50. Kc4 {[%emt 0:00:09]} Ra4+ {[%emt 0:00:36]} 51. Kd5 {[%emt 0:00:49]} Rg2 {[%emt 0:00:39]} 52. Qxe7 {[%emt 0:00:16]} d2 {[%emt 0:00:02]} 53. Rh1 {[%emt 0:01:11]} Ra8 {[%emt 0:00:41]} 54. Nd6 {[%emt 0:01:20]} Rh2 {[%emt 0:00:17]} 55. Rd1 {[%emt 0:00:08]} Ra3 {[%emt 0:00:29]} 56. Qxg5 {[%emt 0:01:03]} Rh5 {[%emt 0:00:12]} 57. Qxh5 {[%emt 0:00:16]} Bxh5 {[%emt 0:00:02]} 58. Rxd2 {[%emt 0:00:07]} Bxf3 {[%emt 0:00:11]} 59. b6 {[%emt 0:00:31]} Rb3 {[%emt 0:01:39]} 60. b7 {[%emt 0:00:52]} f5 {[%emt 0:00:11]} 61. Kc4 {[%emt 0:00:06]} Rb6 {[%emt 0:01:17]} 62. Kc5 {[%emt 0:00:07]} Rxb7 {[%emt 0:00:28]} 63. Nxb7 {[%emt 0:00:04]} fxe4 {[%emt 0:00:04]} 64. Nd6 {[%emt 0:00:15]} e3 {[%emt 0:00:06]} 65. Rd3 {[%emt 0:00:04]} e2 66. Re3 {[%emt 0:00:04]} Kg7 {[%emt 0:00:11]} 67. Nf5+ {[%emt 0:00:06]} Kf6 68. Nd4 {[%emt 0:00:04]} Bh5 {[%emt 0:00:08]} 69. Nxe2 {[%emt 0:00:05]} Kg5 {[%emt 0:00:13]} 70. Kd4 {[%emt 0:00:19]} Bf7 {[%emt 0:00:05]} 71. Ke5 {[%emt 0:00:06]} Bc4 {[%emt 0:00:03]} 72. Nd4 {[%emt 0:00:11]} Kg4 {[%emt 0:00:04]} 73. Nf5 {[%emt 0:00:05]} Bf7 {[%emt 0:00:22]} 74. Rg3+ {[%emt 0:00:06]} Kh5 {[%emt 0:00:04]} 75. Kf4 {[%emt 0:00:05]} 1-0

[Event "1st Gujarat GM Open 2018"]
[Site "Ahmedabad"]
[Date "2018.10.09"]
[Round "6"]
[White "Stany, G.A."]
[Black "Babujian, Levon"]
[Result "1-0"]
[WhiteElo "2502"]
[BlackElo "2456"]
[Annotator "ChessBase"]
[PlyCount "119"]
[EventDate "2018.10.05"]
[EventType "swiss"]
[EventCountry "IND"]
[SourceTitle "playchess.com"]
[Source "ChessBase"]
[SourceQuality "1"]
[TimeControl "5400+30"]

1. e4 {[%emt 0:00:00]} c5 {[%emt 0:00:00]} 2. Nf3 {[%emt 0:00:00]} d6 {[%emt 0:00:00]} 3. d4 {[%emt 0:00:00]} cxd4 {[%emt 0:00:00]} 4. Nxd4 {[%emt 0:00:00]} Nf6 {[%emt 0:00:00]} 5. Nc3 {[%emt 0:00:00]} a6 {[%emt 0:00:05]} 6. Be3 {[%emt 0:00:00]} e6 {[%emt 0:00:08]} 7. Qd2 {[%emt 0:00:00]} b5 {[%emt 0:00:53]} 8. f3 {[%emt 0:00:00]} Bb7 {[%emt 0:00:25]} 9. O-O-O {[%emt 0:09:59]} Nbd7 {[%emt 0:00:19]} 10. g4 {[%emt 0:07:17]} Nb6 {[%emt 0:00:40]} 11. Qf2 {[%emt 0:05:05]} Nfd7 {[%emt 0:00:24]} 12. Kb1 {[%emt 0:03:25]} Rc8 {[%emt 0:00:17]} 13. Nce2 {[%emt 0:01:11]} Qc7 {[%emt 0:02:02]} 14. Ng3 {[%emt 0:03:24]} Na4 {[%emt 0:00:41]} 15. c3 {[%emt 0:13:36]} Be7 {[%emt 0:02:32]} 16. h4 {[%emt 0:01:26]} Ndc5 {[%emt 0:01:24]} 17. Rc1 {[%emt 0:04:53]} d5 {[%emt 0:02:36]} 18. exd5 {[%emt 0:01:21]} Bxd5 {[%emt 0:00:14]} 19. c4 {[%emt 0:14:29]} bxc4 {[%emt 0:00:44]} 20. Bxc4 {[%emt 0:00:03]} Bxc4 {[%emt 0:01:43]} 21. Rxc4 {[%emt 0:00:05]} Nxb2 {[%emt 0:09:13]} 22. Qxb2 {[%emt 0:10:38]} Qxg3 {[%emt 0:01:18]} 23. Nb3 {[%emt 0:00:40]} Qxf3 {[%emt 0:03:07]} 24. Qc1 {[%emt 0:00:23]} Qb7 {[%emt 0:02:48]} 25. Rd1 {[%emt 0:03:19]} O-O {[%emt 0:04:23]} 26. Bxc5 {[%emt 0:00:16]} Bxc5 {[%emt 0:00:39]} 27. Rxc5 {[%emt 0:00:04]} Rxc5 {[%emt 0:00:09]} 28. Qxc5 {[%emt 0:00:05]} Qe4+ {[%emt 0:00:02]} 29. Kb2 {[%emt 0:01:26]} Qxg4 {[%emt 0:00:15]} 30. Rd4 {[%emt 0:00:43]} Qe2+ {[%emt 0:02:33]} 31. Rd2 {[%emt 0:00:12]} Qf3 {[%emt 0:00:39]} 32. Qc4 {[%emt 0:09:56]} Qf6+ {[%emt 0:00:48]} 33. Ka3 {[%emt 0:01:29]} e5 {[%emt 0:00:20]} 34. Rd7 {[%emt 0:00:07]} h5 {[%emt 0:02:24]} 35. Nd2 {[%emt 0:01:48]} Qf5 {[%emt 0:03:25]} 36. Re7 {[%emt 0:04:47]} Qf6 {[%emt 0:03:14]} 37. Rd7 {[%emt 0:00:32]} Qf5 {[%emt 0:03:14]} 38. Re7 {[%emt 0:00:02]} Rb8 {[%emt 0:03:03]} 39. Ne4 {[%emt 0:01:10]} Qf3+ {[%emt 0:04:21]} 40. Ka4 {[%emt 0:00:59]} a5 {[%emt 0:02:35]} 41. Rb7 {[%emt 0:00:54]} Rf8 {[%emt 0:03:11]} 42. Kxa5 {[%emt 0:02:28]} Kh8 {[%emt 0:03:01]} 43. a4 {[%emt 0:00:48]} Qd1 {[%emt 0:05:04]} 44. Ng5 {[%emt 0:01:49]} Qd2+ {[%emt 0:09:26]} 45. Kb6 {[%emt 0:00:49]} f6 {[%emt 0:01:00]} 46. Nf7+ {[%emt 0:00:23]} Kh7 {[%emt 0:00:04]} 47. a5 {[%emt 0:00:35]} Qe3+ {[%emt 0:01:39]} 48. Kc7 {[%emt 0:00:25]} e4 {[%emt 0:00:21]} 49. a6 {[%emt 0:00:24]} Ra8 {[%emt 0:04:59]} 50. Nd6 {[%emt 0:00:20]} Qd3 {[%emt 0:00:35]} 51. a7 {[%emt 0:00:33]} f5 {[%emt 0:15:18]} 52. Qxd3 {[%emt 0:00:40]} exd3 {[%emt 0:00:04]} 53. Nxf5 {[%emt 0:00:03]} g5 54. Kb6+ {[%emt 0:01:08]} Kg6 {[%emt 0:00:16]} 55. Ne3 {[%emt 0:00:09]} gxh4 {[%emt 0:02:09]} 56. Rd7 {[%emt 0:00:03]} h3 {[%emt 0:00:11]} 57. Nf1 {[%emt 0:00:09]} Rf8 {[%emt 0:00:34]} 58. Nh2 {[%emt 0:00:27]} Kg5 {[%emt 0:01:01]} 59. Rxd3 {[%emt 0:00:45]} Kh4 {[%emt 0:00:16]} 60. Rc3 {[%emt 0:00:15]} 1-0

[Event "1st Gujarat GM Open 2018"]
[Site "Ahmedabad"]
[Date "2018.10.09"]
[Round "6"]
[White "Neverov, Valeriy"]
[Black "Predke, Alexandr"]
[Result "0-1"]
[WhiteElo "2488"]
[BlackElo "2615"]
[Annotator "TA"]
[PlyCount "71"]
[EventDate "2018.10.05"]
[EventType "swiss"]
[EventCountry "IND"]
[SourceTitle "playchess.com"]
[Source "ChessBase"]
[SourceQuality "1"]

{[%evp 9,71,21,35,36,32,13,23,17,18,9,14,0,0,0,0,0,0,0,15,6,0,0,0,-7,0,0,0,0,0,0,0,0,0,-9,0,-50,-48,-45,-40,-66,-50,-82,-68,-60,-63,-82,-72,-82,-79,-80,-78,-79,-79,-118,-127,-121,-82,-122,-59,-150,1050,-429,29988,29989]} 1. d4 d5 2. c4 dxc4 3. Nf3 Nf6 4. e3 c5 5. Bxc4 cxd4 6. exd4 {A09: Réti Opening: 1 Nf3 d5 2 c4} g6 7. O-O {Black must now prevent Qb3.} (7. Ne5 {is interesting.} e6 8. O-O Bg7 9. Nc3 O-O 10. Bg5) (7. Qb3 e6 8. Nc3 Bg7 9. O-O O-O 10. d5 exd5 11. Nxd5 Nc6 12. Rd1 Nxd5 13. Bxd5 {½-½ (40) Demidov,M (2513)-Popov,I (2608) Voronezh 2018}) 7... Bg7 8. Nc3 {With the idea Qa4+.White has an edge.} O-O 9. Re1 Bg4 10. h3 $146 ({Predecessor:} 10. Be3 Nc6 11. h3 Bxf3 12. Qxf3 Nxd4 13. Bxd4 Qxd4 14. Bb3 Qd7 15. Rad1 Qc7 {0-1 (28) Huse,A-Fossan,B (1676) Helsingor 2014}) 10... Bxf3 $1 11. Qxf3 Nc6 $1 12. d5 Nd4 13. Qd1 Nf5 14. Bf4 a6 15. a3 Rc8 16. Ba2 Nd6 17. Qd2 Qd7 18. Re2 b5 19. Rae1 Rfe8 20. Be5 Qb7 21. Qf4 Red8 22. Bxf6 Bxf6 23. Ne4 Nxe4 24. Rxe4 {aiming for d6!} Qd7 25. Bb3 Qd6 26. Qd2 Kg7 27. g3 {[#]} e6 $1 {[%cal Be7e6,Be6d5,Bd5d4][%mdl 544]} 28. h4 (28. dxe6 Qxd2) 28... h5 {[%cal Re6d5]} 29. R4e3 exd5 30. Rd3 {[%cal Rb3d5]} d4 31. a4 bxa4 32. Bxa4 Rb8 33. Ra1 Qb4 (33... Rb4 $17 34. Bb3 Qb6) 34. Qc2 ({Better is} 34. Qxb4 $15 Rxb4 35. Bc6) 34... Qc3 $2 (34... Rdc8 $17 35. Qb3 Qe7) 35. Qxc3 $4 {[%mdl 8192]} (35. bxc3 $18 Rdc8 36. c4) 35... Rb4 $4 {[%mdl 8192] [#]} (35... dxc3 $19 36. Rxc3 Bxc3 37. bxc3 Rb2) 36. Qxb4 {[%mdl 32768] Precision: White = 39%, Black = 61%. . Loss on Time!?} 0-1

[Event "1st Gujarat GM Open 2018"]
[Site "Ahmedabad"]
[Date "2018.10.09"]
[Round "6"]
[White "Rahman, Ziaur"]
[Black "Subhayan Kundu"]
[Result "1-0"]
[WhiteElo "2473"]
[BlackElo "2093"]
[Annotator "TA"]
[PlyCount "73"]
[EventDate "2018.10.05"]
[EventType "swiss"]
[EventCountry "IND"]
[SourceTitle "playchess.com"]
[Source "ChessBase"]
[SourceQuality "1"]

{[%evp 17,73,19,54,42,46,45,45,38,77,32,139,140,146,129,205,200,159,170,201,209,209,160,172,171,166,147,182,194,252,255,431,431,400,322,360,327,352,366,366,358,338,350,341,337,497,472,1064,668,974,1032,996,1032,912,912,29987,29988,29988,29984]} 1. d4 Nf6 2. Bg5 c5 3. d5 Qb6 4. Nc3 Qxb2 5. Bd2 Qb6 6. e4 d6 7. f4 e6 8. Rb1 {A45: Trompowsky Attack} Qc7 9. Bb5+ Bd7 {LiveBook: 5 Games} 10. Nf3 {White is slightly better.} a6 (10... Be7 11. dxe6 fxe6 12. Ng5 Nc6 13. f5 exf5 14. exf5 Nd4 15. O-O d5 {½-½ (50) Swinkels,R (2493)-Durarbayli,V (2614) Bilbao 2014}) 11. Bxd7+ Qxd7 12. dxe6 fxe6 13. e5 {[%cal Be4e5,Be5e6][%mdl 32]} Nd5 $146 ({Better is} 13... dxe5 $1 $14 14. fxe5 (14. Nxe5 Qc7 $14) 14... Nd5) ({Predecessor:} 13... dxe5 14. fxe5 Nd5 15. O-O Be7 {0-1 (46) Havas,J (2186)-Ivekovic,Z (2310) Topusko 2012}) 14. Nxd5 $16 exd5 15. O-O $36 {[%mdl 2048] And now Re1 would win. White is really pushing.} Nc6 {[#]} (15... Be7 $16 {was necessary.}) 16. e6 $1 $18 {[%mdl 1536] White has strong compensation.} Qc7 (16... Qxe6 17. Re1) 17. Ng5 {Threatens to win with Nf7.} O-O-O 18. Nf7 Be7 19. f5 Rdf8 20. Nxh8 Rxh8 21. Qh5 Ne5 22. Bg5 Bf6 (22... d4 {was worth a try.} 23. Bf4 h6) 23. Rb3 h6 $2 (23... Bxg5 24. Qxg5 h6) 24. Bxf6 gxf6 25. Qh4 Qe7 26. a4 Rh7 27. Rd1 d4 28. Qe4 Qd8 29. Qd5 {[#] Black must now prevent Rdb1.} Qc7 30. Rg3 Qc6 (30... Qd8 $142 31. Rb1 Nc6) 31. Qxc6+ bxc6 {[%mdl 4096] Endgame KRR-KRN} (31... Nxc6 $142 32. Rg8+ Kc7) 32. Rg8+ Kc7 33. Rb1 d5 34. Rgb8 Kd6 35. R1b7 Rxb7 36. Rxb7 d3 37. cxd3 {Precision: White = 89%, Black = 42%.} 1-0